|
|
|
|
| LEADER |
01015nam a2200193 a 4500 |
| 008 |
100725s2003 bg a b 000 0 ben |
| 020 |
|
|
|a 9848820315
|
| 040 |
|
|
|a DB-DhAAL
|c DB-DhAAL
|
| 100 |
1 |
|
|a ফেরদৌস, জান্নাতুল
|
| 082 |
0 |
0 |
|a 659.2
|2 22
|
| 245 |
1 |
0 |
|a অ্যাডভোকেসি কার্যপদ্ধতি সম্পর্কে একটি ধারণাপত্র /
|c জান্নাতুল ফেরদৌস
|
| 260 |
|
|
|a মোহাম্মদপুর, ঢাকা :
|b ম্যাস্-লাইন মিডিয়া সেন্টার,
|c ২০০৩
|
| 300 |
|
|
|a x,১০৮ পৃ. :
|b চিত্র ;
|c ২২ সে.মি.
|
| 504 |
|
|
|a তথ্য সূত্র
|
| 541 |
1 |
|
|e 00020041
|
| 650 |
|
0 |
|a Advocacy advertising.
|
| 852 |
4 |
|
|a Ayesha Abed Library
|j General Shelf.
|
| 999 |
|
|
|c 9487
|d 9487
|
| 952 |
|
|
|0 0
|1 0
|2 ddc
|4 0
|6 659_200000000000000_FER_2003
|7 0
|9 11880
|a BRACUL
|b BRACUL
|c GEN
|d 2010-09-20
|l 0
|o 659.2 FER
|p 3010020041
|r 2010-09-20
|t 1
|w 2010-09-20
|y BK
|